000
00357nam a2200157Ia 4500
008
200305s9999 xx 000 0 und d
020
_a
0-19-569837-1
082
_a
658.314
082
_b
BHC
100
_a
BHATTACHARYA
245
_a
COMPENSATION MANAGEMENT
260
_a
NEW DELHI
_b
N D OXFORD
300
_a
448
650
_a
MANAGEMENT
999
_c
34022
_d
34022
041
_a
eng